Library of the University of Algiers 3
Ibrahim Sultan Cheibout
شعار جامعة الجزائر 3
مكتبة جامعة الجزائر 3
إبراهيم سلطان شيبوط

المدخل الى العلوم البيئية / (رقم التسجيلة. 45504)

تفاصيل مارك
000 -LEADER
fixed length control field 01063nam a2200205Ia 4500
003 - CONTROL NUMBER IDENTIFIER
control field Ost
005 - DATE AND TIME OF LATEST TRANSACTION
control field 20260507075647.0
008 - FIXED-LENGTH DATA ELEMENTS--GENERAL INFORMATION
fixed length control field 260507s9999||||xx |||||||||||||| ||und||
040 ## - CATALOGING SOURCE
Transcribing agency fsecg
041 ## - LANGUAGE CODE
Language code of text/sound track or separate title ara
082 ## - DEWEY DECIMAL CLASSIFICATION NUMBER
Classification number 574.5
100 ## - MAIN ENTRY--PERSONAL NAME
Personal name غرايبة، سامح
Relator term مؤلف
245 #0 - TITLE STATEMENT
Title المدخل الى العلوم البيئية /
Statement of responsibility, etc. سامح غرايبة
260 ## - PUBLICATION, DISTRIBUTION, ETC.
Place of publication, distribution, etc. عمان:
Name of publisher, distributor, etc. دار الشروق,
Date of publication, distribution, etc. 1997
300 ## - PHYSICAL DESCRIPTION
Extent 416 صفحة؛
Other physical details إيضاحات ؛
Dimensions 24 سم
520 ## - SUMMARY, ETC.
Summary, etc. تطوير العلاقة والتفاعل بين الإنسان والبيئة- مفاهيم أساسية في البيئة- التغيير البيئي وأهميته- دورة المواد البيوجيوكيميائية- النظم البيئية الطبيعية الرئيسية- النظام البيئي البشري- نوعية البيئة وإدارتها- الأخطار البيئية وتقييم الآثار البيئية.
653 ## - INDEX TERM--UNCONTROLLED
Uncontrolled term العلوم البيئية
700 ## - ADDED ENTRY--PERSONAL NAME
Personal name الفرحان، يحيى
Relator term مؤلف ثانوي
942 ## - ADDED ENTRY ELEMENTS (KOHA)
Koha item type كتب
المقتنيات
Withdrawn status Lost status Source of classification or shelving scheme Damaged status Not for loan Home library Current library Date acquired Serial enumeration / chronology Inventory number Total checkouts Full call number Barcode Date last seen Price effective from Koha item type
    Dewey Decimal Classification   NOT LOAN / إعارة داخلية مكتبة كلية العلوم الإقتصادية والعلوم التجارية وعلوم التسيير مكتبة كلية العلوم الإقتصادية والعلوم التجارية وعلوم التسيير 07/05/2026 الطابق الأرضي 1/1625   أ/1625ن1 1/1625 07/05/2026 07/05/2026 كتب

موارد الويب المفتوحة


© University of Algiers 3 All Rights Reserved
|
Implemented by LECHELAH Riad